1677 1941 1885 1237 1694 1614 1916 1850 1360 1474 1903 1297 1110 1430 1847 1675 1907 1167 1149 1783 1893 1440 1641 1001 1304 1837 1257 1745 1970 1562 1095 1339 1853 1794 1911 1845 1973 1612 1573 1615 1088 1084 1586 1714 1005 1371 1512 1103 1216 1367 1475 1932 1496 1061 1156 1947 1127 1591 1862 1268 1580 1969 1350 1458 1971 1695 1036 1893 1168 1602 1629 1570 1580 1469 1466 1309 1378 1138 1349 1295 1422 1765 1615 1992 1610 1108 1141 1996 1840 1163 1202 1351 1750 1308 1086 1419 1593 1967 1841 BCNSPRNW ULIB Ver.6.0+V

เปลี่ยนเป็นภาษาไทย

Change to English
 แสดงรายละเอียดบรรณานุกรม
  กลับหน้าหลัก

Brief Record : Get Marc (ISO 2709) : E-mail record : QR code < ปิดหน้าต่าง
LEADER : 00000nam 2200000uu 4500
001    13399122406
003     ULIB
008    130328s2553||||th 000 0 tha d
099    วจ.WY100^bด281ป
100 0  ดวงใจ พรหมพยัคฆ์ และสำรี ชมบริสุทธิ์
245 00 ปัจจัยที่เกี่ยวข้องกับการปฏิบัติตามกระบวนการพยาบาลของนักศึกษา^cโดย ดวงใจ พรหมพยัคฆ์ และสำรี ชมบริสุทธิ์
246 0  Factors associated with nursing process utilization in clinical practice of nursing student
260    พิษณุโลก:^bวิทยาลัยพยาบาลบรมราชชนนี พุทธชินราช,^c2553
300    30 หน้า
650  0 กระบวนพยาบาล^cวิจัย
700 0  สำรี ชมบริสุทธิ์
945    ^p0^l0^i033633
999    ^aเกษร โพธิ์สุวรรณ
รายการนี้ยังไม่มีแท็ก
คุณยังไม่ได้ล็อกอิน คุณสามารถมีกิจกรรมร่วมกับเว็บไซต์ได้ แต่ต้องล็อกอินก่อน ::
  ล็อกอิน

รายการสื่อสารสนเทศ

ลำดับที่ ประเภท เลขเรียก/บาร์โค้ด สถานที่ สถานะ
1. งานวิจัย
งานวิจัย
วจ.WY100 ด281ป  
  Barcode: 033633
ห้องสมุดวิทยาเขตสวรรค์ประชารักษ์
►วิจัย
บนชั้น

BibComment


ยังไม่เคยถูกคอมเมนท์

คอมเมนท์ทรัพยากรรายการนี้
  คอมเมนท์: ปัจจัยที่เกี่ยวข้..


 Copyright 2026. Bcnsprnw @Library